000 00466nam a2200181Ia 4500
008 240925s9999 xx 000 0 und d
020 _a9812530339
082 _a621.382 NIC
100 _aNicopolitidis , P
245 0 _aWireless Networks
250 _aNA
260 _aNew York:
_bJohn Wiley & Sons
_c,2003.
300 _axxiv,621p.
_bNA
_fOriginal
500 _aIncludes Index
600 _aTelecommunication Engineering
650 _aTechnology
942 _cBK
999 _c8351
_d8351